Word perfect for the IBM PC
| Main Author: | |
|---|---|
| Format: | Book |
| Published: |
New York :
CBS College ,
1985
|
| Subjects: |
MARC
| LEADER | 00000cam a2200000 7i4500 | ||
|---|---|---|---|
| 001 | 0000000135 | ||
| 002 | 000000187 | ||
| 005 | 20000330.0 | ||
| 020 | |a 0030718678 | ||
| 090 | 0 | 0 | |a 651.8 |b DAV |
| 100 | 0 | |a Davis, Dineh Moghdam | |
| 245 | 1 | 0 | |a Word perfect for the IBM PC |c Dineh Moghdam Davis |
| 260 | |a New York : |b CBS College , |c 1985 | ||
| 300 | |a 310 p. | ||
| 650 | 0 | 0 | |a IBM personal computer |x programming |
| 650 | 0 | 0 | |a Word processing |
| 650 | 0 | 0 | |a WordPerfect (Computer program) |
| 999 | |a 0004416 |b BUKU |c RUJUKAN |e PERPUSTAKAAN KOMUNITI PETALING JAYA | ||